Le changement climatique au prisme des recensions d’ouvrages de la Cliothèque (notice n° 1882423)

détails MARC
000 -LEADER
fixed length control field 01838cam a2200265 4500500
005 - DATE AND TIME OF LATEST TRANSACTION
control field 20260329013656.0
041 ## - LANGUAGE CODE
Language code of text/sound track or separate title fre
042 ## - AUTHENTICATION CODE
Authentication code dc
100 10 - MAIN ENTRY--PERSONAL NAME
Personal name Leroux, Xavier
Relator term author
245 00 - TITLE STATEMENT
Title Le changement climatique au prisme des recensions d’ouvrages de la Cliothèque
260 ## - PUBLICATION, DISTRIBUTION, ETC.
Date of publication, distribution, etc. 2026.<br/>
500 ## - GENERAL NOTE
General note 100
520 ## - SUMMARY, ETC.
Summary, etc. La Cliothèque représente l’organe « veille scientifique » de l’association professionnelle « Les Clionautes ». Visant à diffuser les contenus disciplinaires au travers la recension d’ouvrages, elle participe à la mise en réseau d’acteurs (éditeurs, auteurs des ouvrages, rédacteurs des comptes rendus, enseignants utilisateurs). Dans le cadre de ce dossier, cette contribution s’attache à parcourir les ouvrages abordant le changement climatique afin d’observer les thématiques concernées et les enjeux à l’œuvre.
520 ## - SUMMARY, ETC.
Summary, etc. The Cliothèque is the "scientific monitoring" body of the professional association "Les Clionautes." Aimed at disseminating disciplinary content through book reviews, it contributes to networking among stakeholders (publishers, authors of the books, reviewers, and teaching professionals). In this dossier, the contribution focuses on reviewing works that address climate change, in order to examine the themes discussed and the underlying issues at play.
690 ## - LOCAL SUBJECT ADDED ENTRY--TOPICAL TERM (OCLC, RLIN)
Topical term or geographic name as entry element association professionnelle
690 ## - LOCAL SUBJECT ADDED ENTRY--TOPICAL TERM (OCLC, RLIN)
Topical term or geographic name as entry element changement climatique
690 ## - LOCAL SUBJECT ADDED ENTRY--TOPICAL TERM (OCLC, RLIN)
Topical term or geographic name as entry element géographie.
690 ## - LOCAL SUBJECT ADDED ENTRY--TOPICAL TERM (OCLC, RLIN)
Topical term or geographic name as entry element veille scientifique
690 ## - LOCAL SUBJECT ADDED ENTRY--TOPICAL TERM (OCLC, RLIN)
Topical term or geographic name as entry element climate change
690 ## - LOCAL SUBJECT ADDED ENTRY--TOPICAL TERM (OCLC, RLIN)
Topical term or geographic name as entry element geography.
690 ## - LOCAL SUBJECT ADDED ENTRY--TOPICAL TERM (OCLC, RLIN)
Topical term or geographic name as entry element professional association
690 ## - LOCAL SUBJECT ADDED ENTRY--TOPICAL TERM (OCLC, RLIN)
Topical term or geographic name as entry element scientific monitoring
786 0# - DATA SOURCE ENTRY
Note L'Information géographique | 90 | 1 | 2026-03-04 | p. 15-27 | 0020-0093
856 41 - ELECTRONIC LOCATION AND ACCESS
Uniform Resource Identifier <a href="https://shs.cairn.info/revue-linformation-geographique-2026-1-page-15?lang=fr&redirect-ssocas=7080">https://shs.cairn.info/revue-linformation-geographique-2026-1-page-15?lang=fr&redirect-ssocas=7080</a>

Pas d'exemplaire disponible.

PLUDOC

PLUDOC est la plateforme unique et centralisée de gestion des bibliothèques physiques et numériques de Guinée administré par le CEDUST. Elle est la plus grande base de données de ressources documentaires pour les Étudiants, Enseignants chercheurs et Chercheurs de Guinée.

Adresse

627 919 101/664 919 101

25 boulevard du commerce
Kaloum, Conakry, Guinée

Réseaux sociaux

Powered by Netsen Group @ 2025